00302nam a2200109 a 4500008004100000050001600041100001900057245004900076260003700125300002100162350000900183120416s1993 ||||||||||||||||| || u aDT 8779 Dem aChanda, Donald10aDemocracy in Zambiacedited by Donald Chanda aLusakabAfrica Press Trustc1993 axi, 128p. : ill. a0.00